| 000 | 00445nam a22001577a 4500 | ||
|---|---|---|---|
| 020 | _a9789332571242 | ||
| 040 | _cNUST | ||
| 082 | _a004.22 TAN | ||
| 100 |
_aTanenbaum, Andrew S _91413 |
||
| 110 |
_aAustin, Todd _9111715 |
||
| 245 | _aStructured Computer Organization | ||
| 250 | _a6th Edition | ||
| 260 |
_aNEW DELHI: _bPEARSON EDUCATION LTD, _c2016. |
||
| 650 |
_aDCE TEXTBOOK STRUCTURED COMPUTER ORGANIZATION _9111716 |
||
| 942 |
_2ddc _cTEXT |
||
| 999 |
_c594429 _d594429 |
||